000
00299nam a2200121Ia 4500
008
220204s9999 xx 000 0 und d
020
_a
ISSN09752250
082
_a
0582015
_b
MAN
245
0
_a
Manorama yearbook 2015. Ed.50
250
_a
50
260
_a
Kottayam
_b
Malayala Manorama;2015
942
_c
BK
999
_c
43168
_d
43168